Mládež v dopravných prostriedkoch

Bibliographic Details
Main Author: Kurfürst, Josef, 1907-1978 (Author)
Format: Article
Language:Slovak

MARC

LEADER 00000nab a2200000ua 4500
001 vtls010776298
003 SK-MaSNL
005 20260303151856.0
008 230222s1956 xo |||||||||||||||||slo|
035 |a (urnnbn)urn:nbn:sk:snk:ar-a00cw1 
035 |a (uuid)05052e06-3515-46b1-ade8-175cd35dc3b3 
035 |a urn:nbn:sk:snk-ab46yi 
040 |a SNKBUCL  |b slo  |c SNKBUCL  |e AACR2 
041 0 |a slo 
044 |a xo  |c SK 
100 1 |a Kurfürst, Josef,  |d 1907-1978  |4 aut  |9 179704 
245 1 0 |a Mládež v dopravných prostriedkoch  |c Josef Kurfürst 
773 0 |t Rodina a škola  |g Roč. 3, č. 11 (1956), s. 328-330 
954 |a odborná, vedecká literatúra pôvodná (slovenská)  |2 lita 
958 |a OND 
958 |a EUIPO 
958 |a article3 
999 |c 2020403  |d 2022333